Detalles MARC
| 000 -LEADER |
| campo de control de longitud fija |
02632cam a2200553 4500 |
| 003 - IDENTIFICADOR DE NÚMERO DE CONTROL |
| campo de control |
PE-LiUPU |
| 005 - FECHA Y HORA DE LA ÚLTIMA TRANSACCIÓN |
| campo de control |
20250731173414.0 |
| 020 ## - NÚMERO INTERNACIONAL ESTÁNDAR DEL LIBRO |
| Número Internacional Estándar del Libro |
0870497936 |
| 035 ## - NÚMERO DE CONTROL DEL SISTEMA |
| Número de control de sistema |
(Sirsi) i9780870497933 |
| 041 ## - CÓDIGO DE IDIOMA |
| Código de lengua del texto/banda sonora o título independiente |
en |
| 049 ## - FONDOS LOCALES (OCLC) |
| Biblioteca depositaria |
PRUA |
| 082 04 - NÚMERO DE LA CLASIFICACIÓN DECIMAL DEWEY |
| Número de clasificación |
286.70934 |
| Cutter |
TD |
| 082 04 - NÚMERO DE LA CLASIFICACIÓN DECIMAL DEWEY |
| Número de clasificación |
286.732092 |
| Cutter |
TD |
| Número de edición |
21 |
| 245 04 - MENCIÓN DEL TÍTULO |
| Título |
The disappointe : |
| Resto del título |
millerism and millenarianism in the nineteenth Century / |
| Mención de responsabilidad, etc. |
editado por Ronald L. Numbers y Jonathan M. Butler ; con ilustraciones seleccionadas por James R. Nix. |
| 250 ## - MENCION DE EDICION |
| Mención de edición |
Segunda edición. |
| 264 #1 - PRODUCCIÓN, PUBLICACIÓN, DISTRIBUCIÓN, FABRICACIÓN Y COPYRIGHT |
| Producción, publicación, distribución, fabricación y copyright |
Knoxville : |
| Nombre del de productor, editor, distribuidor, fabricante |
University of Tennessee Press, |
| Fecha de producción, publicación, distribución, fabricación o copyright |
1993 |
| 300 ## - DESCRIPCIÓN FÍSICA |
| Extensión |
249 páginas : |
| Otras características físicas |
ilustraciones ; |
| Dimensiones |
24 cm. |
| 336 ## - TIPO DE CONTENIDO |
| Término de tipo de contenido |
text |
| Fuente |
rdacontent |
| 337 ## - TIPO DE MEDIO |
| Nombre/término del tipo de medio |
unmediated |
| Fuente |
rdamedia |
| 338 ## - TIPO DE SOPORTE |
| Nombre/término del tipo de soporte |
volume |
| Fuente |
rdacarrier |
| 505 0# - NOTA DE CONTENIDO CON FORMATO |
| Nota de contenido con formato |
Millerites: A Shadow Portrait -- William Miller: disappointed Prophet -- Joshua V. Himes and the cause of Adventism -- The Millerite Adventists in Great Britain, 1840-1850 -- The Millerite Use of Prophecy: a case study of a "Striking fulfilment |
| 526 ## - NOTA DE INFORMACIÓN SOBRE EL PROGRAMA DE ESTUDIO |
| Nombre del programa |
Segunda Especialidad En Profecías Bíblicas |
| 526 ## - NOTA DE INFORMACIÓN SOBRE EL PROGRAMA DE ESTUDIO |
| Nombre del programa |
Segunda Especialidad En Nuevo Testamento |
| 526 ## - NOTA DE INFORMACIÓN SOBRE EL PROGRAMA DE ESTUDIO |
| Nombre del programa |
Segunda Especialidad En Antiguo Testamento |
| 526 ## - NOTA DE INFORMACIÓN SOBRE EL PROGRAMA DE ESTUDIO |
| Nombre del programa |
Segunda Especialidad En Estudios Adventistas |
| 526 ## - NOTA DE INFORMACIÓN SOBRE EL PROGRAMA DE ESTUDIO |
| Nombre del programa |
Doctorado en teología |
| 526 ## - NOTA DE INFORMACIÓN SOBRE EL PROGRAMA DE ESTUDIO |
| Nombre del programa |
Maestría en teología histórica |
| 526 ## - NOTA DE INFORMACIÓN SOBRE EL PROGRAMA DE ESTUDIO |
| Nombre del programa |
Maestría en teología bíblica |
| 526 ## - NOTA DE INFORMACIÓN SOBRE EL PROGRAMA DE ESTUDIO |
| Nombre del programa |
Maestría en teología |
| 526 ## - NOTA DE INFORMACIÓN SOBRE EL PROGRAMA DE ESTUDIO |
| Nombre del programa |
Maestría en misionología |
| 526 ## - NOTA DE INFORMACIÓN SOBRE EL PROGRAMA DE ESTUDIO |
| Nombre del programa |
Maestría en liderazgo eclesiástico |
| 526 ## - NOTA DE INFORMACIÓN SOBRE EL PROGRAMA DE ESTUDIO |
| Nombre del programa |
Teología |
| 596 ## - |
| -- |
1 4 |
| 650 14 - PUNTO DE ACCESO ADICIONAL DE MATERIA--TÉRMINO DE MATERIA |
| Término de materia o nombre geográfico como elemento de entrada |
Adventistas |
| Subdivisión geográfica |
Estados Unidos |
| Subdivisión general |
History |
| Subdivisión cronológica |
Siglo XIX. |
| 650 24 - PUNTO DE ACCESO ADICIONAL DE MATERIA--TÉRMINO DE MATERIA |
| Término de materia o nombre geográfico como elemento de entrada |
Adventistas |
| Subdivisión geográfica |
Gran Bretaña |
| Subdivisión general |
Historia |
| Subdivisión cronológica |
Siglo XIX. |
| 650 24 - PUNTO DE ACCESO ADICIONAL DE MATERIA--TÉRMINO DE MATERIA |
| Término de materia o nombre geográfico como elemento de entrada |
Milenarismo |
| Subdivisión geográfica |
Estados Unidos |
| Subdivisión general |
Historia de las doctrinas |
| Subdivisión cronológica |
Siglo XIX. |
| 650 24 - PUNTO DE ACCESO ADICIONAL DE MATERIA--TÉRMINO DE MATERIA |
| Término de materia o nombre geográfico como elemento de entrada |
Milenarismo |
| Subdivisión geográfica |
Gran Bretaña |
| Subdivisión general |
Historia de las doctrinas |
| Subdivisión cronológica |
Siglo XIX. |
| 650 24 - PUNTO DE ACCESO ADICIONAL DE MATERIA--TÉRMINO DE MATERIA |
| Término de materia o nombre geográfico como elemento de entrada |
Movimiento millerita |
| Subdivisión geográfica |
Estados Unidos |
| Subdivisión general |
Historia. |
| 650 24 - PUNTO DE ACCESO ADICIONAL DE MATERIA--TÉRMINO DE MATERIA |
| Término de materia o nombre geográfico como elemento de entrada |
Movimiento millerita |
| Subdivisión geográfica |
Gran Bretaña |
| Subdivisión general |
Historia. |
| 700 1# - ENTRADA AGREGADA--NOMBRE PERSONAL |
| Nombre de persona |
Butler, Jonathan M. |
| Término indicativo de función/relación |
ed. |
| 700 1# - ENTRADA AGREGADA--NOMBRE PERSONAL |
| Nombre de persona |
Numbers, Ronald L. |
| Término indicativo de función/relación |
ed. |
| 910 ## - DATOS DE OPCIÓN DEL USUARIO (OCLC) |
| -- |
jv |
| -- |
lch |
| -- |
20120315 |
| 942 ## - ELEMENTOS DE ENTRADA SECUNDARIOS (KOHA) |
| Fuente del sistema de clasificación o colocación |
Clasificación Decimal Dewey |
| Tipo de ítem Koha |
|
| 949 ## - PROCESAMIENTO DE INFORMACIÓN LOCAL (OCLC) |
| a |
BX6115 .D57 1993 |
| w |
DEWEY |
| c |
1 |
| i |
66950 |
| l |
CIA |
| m |
BWL |
| r |
0 |
| s |
Y |
| t |
BOOK |
| u |
2016-8-15 |
| x |
WHITE |
| z |
UNKNOWN |
| 0 |
COMPRA |
| o |
.STAFF. Centro White |
| 949 ## - PROCESAMIENTO DE INFORMACIÓN LOCAL (OCLC) |
| a |
PGT 286.70934 TD |
| w |
DEWEY |
| c |
1 |
| i |
64285 |
| f |
2017-2-15 |
| g |
1 |
| l |
CIAE7 |
| m |
BUL |
| p |
25.00 |
| r |
0 |
| s |
Y |
| t |
BOOK |
| u |
2015-7-6 |
| x |
POSGRADO |
| -- |
P85 |
| o |
.CIRCNOTE. No olvidar cambiar la fecha de devolución!!!!!!! |
| -- |
.STAFF. Colección General |
| 999 ## - NÚMEROS DE CONTROL DE SISTEMA (KOHA) |
| -- |
DEWEY |
| -- |
64285 |
| -- |
2021-11-11 |
| -- |
6 |
| -- |
CCODEBUL1 |
| -- |
BUL |
| -- |
25.00 |
| -- |
1 |
| -- |
0 |
| -- |
Y |
| -- |
BOOK |
| -- |
2015-7-6 |
| -- |
TEOLOGIA |
| -- |
P85 |
| -- |
.CIRCNOTE. No olvidar cambiar la fecha de devolución!!!!!!! |
| -- |
.STAFF. Colección General |
| 999 ## - NÚMEROS DE CONTROL DE SISTEMA (KOHA) |
| -- |
DEWEY |
| -- |
CW66950 |
| -- |
2021-12-23 |
| -- |
2 |
| -- |
CRAI-HOUSE |
| -- |
BWL |
| -- |
30.00 |
| -- |
0 |
| -- |
Y |
| -- |
BOOK |
| -- |
2016-8-15 |
| -- |
WHITE |
| -- |
UNKNOWN |
| -- |
COMPRA |
| -- |
.STAFF. Centro White |
| 980 ## - EQUIVALENCIA O REFERENCIA-CRUZADA-MENCIÓN DE SERIE--NOMBRE DE PERSONA/TÍTULO [LOCAL, CANADÁ] |
| ID del último usuario que modificó el registro |
1 |
| Nombre del último usuario que modificó el registro |
ALBERTO SANCHEZ Responsable de Automatización |